[Event "Leiden SB-ch 1920"]
[Site "Leiden"]
[Date "2019.11.29"]
[Round "2"]
[White "Plug, Arjan JH"]
[Black "Van den Bosse, Bart"]
[Result "1/2-1/2"]
[WhiteElo "1839"]
[BlackElo "1778"]
[PlyCount "64"]
[EventDate "2019.11.08"]
[EventType "swiss"]
[EventRounds "7"]
[EventCountry "NED"]
[SourceTitle "EXT 2023"]
[Source "ChessBase"]
[SourceDate "2022.10.05"]
[SourceVersion "1"]
[SourceVersionDate "2022.10.05"]
[SourceQuality "1"]

1. e4 c5 2. Nc3 Nc6 3. g3 g6 4. Bg2 Bg7 5. d3 d6 6. Be3 e5 7. Nh3 Nge7 8. 0-0 Nd4 9. f4 0-0 10. Qd2 Be6 11. Rae1 Rb8 12. Nd5 Nxd5 13. exd5 Bd7 14. fxe5 Bxe5 15. c3 Nf5 16. Bf2 Bg7 17. Re4 b5 18. g4 Nh6 19. Bf3 f5 20. gxf5 Bxf5 21. Rh4 Bd7 22. Ng5 Rf5 23. Ne6 Bxe6 24. dxe6 Rxf3 25. Rxh6 Bxh6 26. Qxh6 Qf6 27. Kg2 Rf8 28. Bh4 Qxh4 29. Qxh4 Rxf1 30. e7 R1f2+ 31. Kg1 Rf1+ 32. Kg2 R1f2+ 1/2-1/2

[Event "Leiden SB-ch"]
[Site "Leiden"]
[Date "2008.06.24"]
[Round "6"]
[White "Van Gunsteren, Lex"]
[Black "Van den Bosse, Bart"]
[Result "1-0"]
[WhiteElo "1642"]
[BlackElo "1696"]
[PlyCount "49"]
[EventDate "2008.05.20"]
[EventType "swiss"]
[EventRounds "7"]
[EventCountry "NED"]
[SourceTitle "EXT 2012"]
[Source "ChessBase"]
[SourceDate "2011.11.24"]
[SourceVersion "1"]
[SourceVersionDate "2011.11.24"]
[SourceQuality "1"]

1. d4 f5 2. c4 Nf6 3. Nc3 e6 4. f3 Be7 5. Nh3 0-0 6. Nf2 b6 7. e4 fxe4 8. fxe4 d6 9. Bd3 Nc6 10. Be3 Nb4 11. Bb1 a5 12. a3 Na6 13. 0-0 c6 14. Bd3 Rb8 15. e5 dxe5 16. dxe5 Nd7 17. Qh5 h6 18. Qg6 Nxe5 19. Qh7+ Kf7 20. Ng4+ Nf3+ 21. Rxf3+ Ke8 22. Bg6+ Kd7 23. Rd1+ Bd6 24. Qxg7+ Qe7 25. Qxf8 1-0

[Event "Leiden SB-ch"]
[Site "Leiden"]
[Date "2008.06.17"]
[Round "5"]
[White "Kuipers, Joris"]
[Black "Van den Bosse, Bart"]
[Result "1/2-1/2"]
[WhiteElo "1508"]
[BlackElo "1696"]
[PlyCount "61"]
[EventDate "2008.05.20"]
[EventType "swiss"]
[EventRounds "7"]
[EventCountry "NED"]
[SourceTitle "EXT 2012"]
[Source "ChessBase"]
[SourceDate "2011.11.24"]
[SourceVersion "1"]
[SourceVersionDate "2011.11.24"]
[SourceQuality "1"]

1. d4 d5 2. Bf4 Nf6 3. e3 e6 4. Nf3 Be7 5. Bd3 Nbd7 6. Nbd2 c5 7. c3 c4 8. Bc2 b5 9. h3 b4 10. 0-0 Qb6 11. Ne5 Nxe5 12. Bxe5 Bd6 13. Bxd6 Qxd6 14. e4 Qb6 15. e5 Nd7 16. Qh5 bxc3 17. bxc3 Qb2 18. Rfc1 Qxc3 19. Nf3 g6 20. Qh6 Qa3 21. Qd2 Bb7 22. Bd1 Bc6 23. Rc3 Qb4 24. a3 Qe7 25. a4 Rb8 26. Qc1 Qb4 27. Nd2 Qb2 28. Bf3 Qxc1+ 29. Rcxc1 Bb7 30. Rab1 0-0 31. Nxc4 1/2-1/2

[Event "Leiden SB-ch"]
[Site "Leiden"]
[Date "2008.05.20"]
[Round "1"]
[White "Van den Bosse, Bart"]
[Black "Van Vliet, Harry"]
[Result "1-0"]
[WhiteElo "1696"]
[BlackElo "2089"]
[PlyCount "53"]
[EventDate "2008.05.20"]
[EventType "swiss"]
[EventRounds "7"]
[EventCountry "NED"]
[SourceTitle "EXT 2012"]
[Source "ChessBase"]
[SourceDate "2011.11.24"]
[SourceVersion "1"]
[SourceVersionDate "2011.11.24"]
[SourceQuality "1"]

1. d4 d5 2. c4 e6 3. Nc3 c6 4. e4 dxe4 5. Nxe4 Bb4+ 6. Bd2 Qxd4 7. Bxb4 Qxe4+ 8. Ne2 Nd7 9. Qd2 c5 10. Bc3 Ngf6 11. 0-0-0 0-0 12. Ng3 Qc6 13. Qg5 h6 14. Qh4 e5 15. Bd3 Re8 16. Rhe1 a6 17. Nf5 Nf8 18. Nd6 Re6 19. Bxe5 Qc7 20. Qg3 Qa5 21. Bxf6 Rxf6 22. Ne8 Rg6 23. Bxg6 Nxg6 24. Nd6 Bd7 25. Nxf7 Qxa2 26. Qxg6 Qxc4+ 27. Kb1 1-0

[Event "Leiden SB-chB"]
[Site "Leiden"]
[Date "2004.07.07"]
[Round "7"]
[White "Verheijen, Jan"]
[Black "Van den Bosse, Bart"]
[Result "1-0"]
[WhiteElo "1543"]
[BlackElo "1617"]
[PlyCount "69"]
[EventDate "2004.05.19"]
[EventType "swiss"]
[EventRounds "7"]
[EventCountry "NED"]
[SourceTitle "EXT 2012"]
[Source "ChessBase"]
[SourceDate "2011.11.24"]
[SourceVersion "1"]
[SourceVersionDate "2011.11.24"]
[SourceQuality "1"]

1. c4 c6 2. d4 d5 3. cxd5 cxd5 4. Nc3 Nf6 5. Nf3 Nc6 6. Bf4 e6 7. a3 a6 8. e3 Be7 9. Bd3 Nh5 10. Bg3 Nxg3 11. hxg3 h6 12. Rc1 Bd7 13. Nh2 b5 14. b4 Rc8 15. f4 Na7 16. 0-0 0-0 17. Nf3 Bd6 18. Ne5 Bxe5 19. dxe5 Qb6 20. Qd2 Bc6 21. Ne2 Ba8 22. Nd4 Nc6 23. Rc5 Rc7 24. Rfc1 Rfc8 25. Qc2 Nxd4 26. Rxc7 Ne2+ 27. Bxe2 Qxe3+ 28. Kf1 Rxc7 29. Qxc7 Kh7 30. Qc2+ g6 31. Qc3 Qe4 32. Bd3 Qxg2+ 33. Kxg2 d4+ 34. Kf2 dxc3 35. Rxc3 1-0

[Event "Leiden SB-chB"]
[Site "Leiden"]
[Date "2004.06.09"]
[Round "6"]
[White "Van den Bosse, Bart"]
[Black "Van Stee, Rob"]
[Result "0-1"]
[WhiteElo "1617"]
[BlackElo "1541"]
[PlyCount "84"]
[EventDate "2004.05.19"]
[EventType "swiss"]
[EventRounds "7"]
[EventCountry "NED"]
[SourceTitle "EXT 2012"]
[Source "ChessBase"]
[SourceDate "2011.11.24"]
[SourceVersion "1"]
[SourceVersionDate "2011.11.24"]
[SourceQuality "1"]

1. d4 d5 2. c4 dxc4 3. e4 e5 4. Nf3 exd4 5. Bxc4 Bb4+ 6. Bd2 Bxd2+ 7. Nbxd2 Nf6 8. 0-0 0-0 9. Re1 c5 10. Ng5 h6 11. Nxf7 Rxf7 12. Qb3 Qe7 13. e5 Ne8 14. Ne4 Kf8 15. Bxf7 Qxf7 16. Qxf7+ Kxf7 17. Nxc5 Nc7 18. Rad1 Nc6 19. Nb3 Ne6 20. g3 b6 21. f4 g6 22. Rf1 Ba6 23. f5 Bxf1 24. fxe6+ Kxe6 25. Rxf1 Kxe5 26. Re1+ Kd5 27. Rd1 Re8 28. Nc1 Re3 29. Kf2 Ke4 30. Ne2 Rd3 31. Re1 Rd2 32. Kf1 d3 33. Nc3+ Kf5 34. Re4 g5 35. g4+ Kf6 36. Nd5+ Kf7 37. Rc4 Ne5 38. Re4 Ke6 39. Ne3 Rxb2 40. Nc4 Kd5 41. Nxb2 Kxe4 42. h3 Kf3 0-1

[Event "Leiden SB-ch"]
[Site "Leiden"]
[Date "2003.06.24"]
[Round "6"]
[White "Bon, Peter"]
[Black "Van den Bosse, Bart"]
[Result "1/2-1/2"]
[WhiteElo "1712"]
[BlackElo "1478"]
[PlyCount "57"]
[EventDate "2003.05.20"]
[EventType "swiss"]
[EventRounds "7"]
[EventCountry "NED"]
[SourceTitle "CBM 095 Extra"]
[Source "ChessBase"]
[SourceDate "2003.09.04"]
[SourceVersion "1"]
[SourceVersionDate "2003.09.04"]
[SourceQuality "1"]

1. e4 d5 2. exd5 Nf6 3. Nc3 Nxd5 4. Nxd5 Qxd5 5. Nf3 Nc6 6. d4 Bg4 7. Be2 e6 8. 0-0 Bd6 9. h3 h5 10. c4 Qf5 11. c5 Bf4 12. Bxf4 Qxf4 13. g3 Qf6 14. hxg4 hxg4 15. Kg2 gxf3+ 16. Bxf3 Qf5 17. Bxc6+ bxc6 18. Rh1 Rxh1 19. Qxh1 Qe4+ 20. Kg1 Qxh1+ 21. Kxh1 Rd8 22. Rd1 e5 23. Re1 Rxd4 24. Rxe5+ Kf8 25. Re3 Rd2 26. Kg2 Rxb2 27. Ra3 Rc2 28. Rxa7 Rxc5 29. Rxc7 1/2-1/2